seven rivers of india - Statistics

General Stats
  • This quiz has been taken 241 times
  • The average score is 5 of 7
Answer Stats
Hint Answer % Correct
ganga
85%
yamuna
82%
brahmaputra
70%
indus
69%
kaveri
51%
krishna
50%
narmada
44%
No matching quizzes found
Score Distribution
Percent of People with Each Score
Percentile by Number Answered
Your Score History
You have not taken this quiz